000
00227nam a22000857a 4500
008
161210b xxu||||| |||| 00| 0 eng d
100
_9
1970
_a
Verma.P.S.etal.
245
_a
Biology- Part-3 Class-IX
260
_a
New Delhi
_b
S. Chand
_c
2011
999
_c
4768
_d
4768